<?xml version="1.0" encoding="UTF-8"?><?xml-stylesheet type="text/xsl" href="static/style.xsl"?><OAI-PMH xmlns="http://www.openarchives.org/OAI/2.0/" xmlns:xsi="http://www.w3.org/2001/XMLSchema-instance" xsi:schemaLocation="http://www.openarchives.org/OAI/2.0/ http://www.openarchives.org/OAI/2.0/OAI-PMH.xsd"><responseDate>2026-04-29T00:59:41Z</responseDate><request verb="GetRecord" identifier="oai:repisalud.isciii.es:20.500.12105/19622" metadataPrefix="marc">https://repisalud.isciii.es/rest/oai/request</request><GetRecord><record><header><identifier>oai:repisalud.isciii.es:20.500.12105/19622</identifier><datestamp>2025-04-02T10:31:43Z</datestamp><setSpec>com_20.500.12105_2203</setSpec><setSpec>com_20.500.12105_2202</setSpec><setSpec>col_20.500.12105_19505</setSpec></header><metadata><record xmlns="http://www.loc.gov/MARC21/slim" xmlns:dcterms="http://purl.org/dc/terms/" xmlns:doc="http://www.lyncode.com/xoai" xmlns:xsi="http://www.w3.org/2001/XMLSchema-instance" xsi:schemaLocation="http://www.loc.gov/MARC21/slim http://www.loc.gov/standards/marcxml/schema/MARC21slim.xsd">
   <leader>00925njm 22002777a 4500</leader>
   <datafield ind2=" " ind1=" " tag="042">
      <subfield code="a">dc</subfield>
   </datafield>
   <datafield ind2=" " ind1=" " tag="720">
      <subfield code="a">Instituto de Salud Carlos III. Centro Nacional de Epidemiología</subfield>
      <subfield code="e">author</subfield>
   </datafield>
   <datafield ind2=" " ind1=" " tag="720">
      <subfield code="a">CIBERESP - CIBER de Epidemiología y Salud Pública</subfield>
      <subfield code="e">author</subfield>
   </datafield>
   <datafield ind2=" " ind1=" " tag="260">
      <subfield code="c">2017-09-15</subfield>
   </datafield>
   <datafield ind2=" " ind1=" " tag="520">
      <subfield code="a">El verano 2017 ha sido, junto con los de 2003, 2015 y 2016, de los más cálidos desde 1965. En consecuencia, entre el día 1 de junio y hasta el 15 de septiembre de 2017, el Plan nacional de acciones preventivas contra los efectos del exceso de temperaturas sobre la salud (Plan de Calor 2017) ha activado en 50 ocasiones niveles de riesgo 2 o 3 por exceso de temperaturas en algunas capitales de provincia, casi la mitad de ellos, 23, de nivel 3. Una de las actividades incluidas en el Plan de calor 2017 es la monitorización de la mortalidad diaria. Durante el periodo del 1 de junio al 15 de septiembre de 2016 se han registrado 103.876 defunciones (0,44% menos de las esperadas) para el total de los 3.826 municipios incluidos en el Sistema de Monitorización de la Mortalidad diaria (MoMo). A pesar de que los meses de junio, julio y agosto han sido excepcionalmente calurosos según la AEMET, solo se han identificado incrementos notables de la mortalidad en el mes de junio. El sistema no ha identificado ninguna alerta de mortalidad a nivel nacional, aunque sí otras a otros niveles geográficos inferiores: Madrid, Castilla-León y La Rioja registraron el mayor número de alertas en el mes de junio; la Comunidad Valenciana, Baleares y, en menor medida, Aragón, en julio y Cantabria y Galicia en agosto. MoMo estima excesos de mortalidad por todas las causas que ayudan a identificar el impacto de situaciones de riesgo y es por tanto un indicador indirecto de problemas de importancia en salud pública.</subfield>
   </datafield>
   <datafield ind1="8" ind2=" " tag="024">
      <subfield code="a">MoMo. Monitorización de la mortalídad diaria por todas las causas y atribuíble a temperatura. Situación a 01 de junio a 15 de septiembre de 2017.</subfield>
   </datafield>
   <datafield ind1="8" ind2=" " tag="024">
      <subfield code="a">http://hdl.handle.net/20.500.12105/19622</subfield>
   </datafield>
   <datafield tag="653" ind2=" " ind1=" ">
      <subfield code="a">Mortalídad</subfield>
   </datafield>
   <datafield tag="653" ind2=" " ind1=" ">
      <subfield code="a">MoMo</subfield>
   </datafield>
   <datafield tag="653" ind2=" " ind1=" ">
      <subfield code="a">Mortalídad diaria</subfield>
   </datafield>
   <datafield tag="653" ind2=" " ind1=" ">
      <subfield code="a">Altas temperaturas</subfield>
   </datafield>
   <datafield tag="653" ind2=" " ind1=" ">
      <subfield code="a">Factores de riesgo</subfield>
   </datafield>
   <datafield tag="653" ind2=" " ind1=" ">
      <subfield code="a">Salud Pública</subfield>
   </datafield>
   <datafield tag="653" ind2=" " ind1=" ">
      <subfield code="a">España</subfield>
   </datafield>
   <datafield tag="653" ind2=" " ind1=" ">
      <subfield code="a">Vigilancia epidemiológica</subfield>
   </datafield>
   <datafield ind2="0" ind1="0" tag="245">
      <subfield code="a">Informe MoMo.Situacion 1 de Junio a 15 de Septiembre de 2017.</subfield>
   </datafield>
</record></metadata></record></GetRecord></OAI-PMH>